<?xml version="1.0" encoding="UTF-8"?>
<record
    xmlns:xsi="http://www.w3.org/2001/XMLSchema-instance"
    xsi:schemaLocation="http://www.loc.gov/MARC21/slim http://www.loc.gov/standards/marcxml/schema/MARC21slim.xsd"
    xmlns="http://www.loc.gov/MARC21/slim">

  <leader>00282nam a2200109Ia 4500</leader>
  <controlfield tag="008">220713s9999    xx            000 0 und d</controlfield>
  <datafield tag="020" ind1=" " ind2=" ">
    <subfield code="a">978 0 7993 3845 4</subfield>
  </datafield>
  <datafield tag="082" ind1=" " ind2=" ">
    <subfield code="a">AF VAN</subfield>
  </datafield>
  <datafield tag="100" ind1=" " ind2=" ">
    <subfield code="a">Van Aswegen, Christi</subfield>
    <subfield code="9">123377</subfield>
  </datafield>
  <datafield tag="245" ind1=" " ind2="0">
    <subfield code="a">KOSBARE OFFER</subfield>
  </datafield>
  <datafield tag="942" ind1=" " ind2=" ">
    <subfield code="c">BK</subfield>
    <subfield code="y">296</subfield>
    <subfield code="z">Phillipina Naude</subfield>
  </datafield>
  <datafield tag="999" ind1=" " ind2=" ">
    <subfield code="c">685335</subfield>
    <subfield code="d">685334</subfield>
  </datafield>
  <datafield tag="952" ind1=" " ind2=" ">
    <subfield code="0">0</subfield>
    <subfield code="1">0</subfield>
    <subfield code="4">0</subfield>
    <subfield code="7">0</subfield>
    <subfield code="a">RIETL</subfield>
    <subfield code="b">RIETL</subfield>
    <subfield code="d">2022-06-24</subfield>
    <subfield code="g">35.00</subfield>
    <subfield code="l">0</subfield>
    <subfield code="p">3308900011451</subfield>
    <subfield code="r">2022-06-24</subfield>
    <subfield code="w">2022-06-24</subfield>
    <subfield code="y">BK</subfield>
    <subfield code="z">61701934</subfield>
  </datafield>
  <datafield tag="952" ind1=" " ind2=" ">
    <subfield code="0">0</subfield>
    <subfield code="1">0</subfield>
    <subfield code="4">0</subfield>
    <subfield code="7">0</subfield>
    <subfield code="a">GERAL</subfield>
    <subfield code="b">GERAL</subfield>
    <subfield code="d">2022-07-13</subfield>
    <subfield code="g">35.00</subfield>
    <subfield code="l">1</subfield>
    <subfield code="p">3390900098883</subfield>
    <subfield code="r">2026-05-27</subfield>
    <subfield code="s">2026-04-29</subfield>
    <subfield code="w">2022-07-13</subfield>
    <subfield code="y">BK</subfield>
    <subfield code="z">1567/09</subfield>
  </datafield>
</record>
